000 01367nam a2200289Ia 4500
003 Ost
005 20260507074946.0
008 260507s9999||||xx |||||||||||||| ||und||
020 _a9789957243807
040 _cfsecg
041 _aara
082 _a657.23
100 _aجمعة، احمد حلمي
_eمؤلف
245 0 _aتطور معايير التدقيق و التأكيد الدولية و قواعد اخلاقيات المهنة /
_c احمد حلمي جمعة
260 _aعمان:
_bدار صفاء للنشر,
_c2009
300 _a304 صفحة؛
_c24 سم
490 _aسلسلة الكتب المهنية
504 _aسلسلة الكتب المهنية
520 _aمبادئ التحكم المؤسسي(الحوكمة -الحاكمية) -مبادئ السلوك الاخلاقي للمحاسبين المهنيين -تهديدات السلوك الاخلاقي للمحاسبين المهنيين -قواعد السلوك الاخلاقي للمحاسبين المهنيين -مخاطر استقلالية المحاسبين المهنيين
653 _aاخلاقيات المهنة
653 _aاداب المهنة
653 _aالتدقيق المحاسبي
653 _aالمنشآت التجارية
653 _aتدقيق الحسابات
653 _aمعايير الاداء
942 _cكتاب
999 _c41962
_d41962